000 00784 a2200217 4500
005 20080825115818.0
008 080825t xxu||||| |||| 00| 0 eng d
010 _aENG-87107
020 _a8189412124
_c250.00
035 _aEN-70640
037 _bDBAD / PUB
040 _adpl
082 _a371.102
100 _aSharma, S.R.
245 _aAn introduction to teaching
_cby S.R. Sharma
260 _aDelhi
_bAvishkar Prakashan
_c2007
270 _aL-20/13 , Street No.5, Shivaji Marg, Kartar Nagar,
_bDelhi
_e110 053
300 _a312p.
_c21cm (Hb )
942 _adpl
_cEN
_k371.102 / SHA
_2ddc
_h371.102
_mSHA
999 _c6059
_d6059